MARC details
| 000 -LEADER |
| fixed length control field |
01253cam a2200337 a 4500 |
| 001 - CONTROL NUMBER |
| control field |
3569957 |
| 003 - CONTROL NUMBER IDENTIFIER |
| control field |
OSt |
| 005 - DATE AND TIME OF LATEST TRANSACTION |
| control field |
20230621122259.0 |
| 008 - FIXED-LENGTH DATA ELEMENTS--GENERAL INFORMATION |
| fixed length control field |
980818s1998 ne b 001 0 eng |
| 010 ## - LIBRARY OF CONGRESS CONTROL NUMBER |
| LC control number |
98185196 |
| 020 ## - INTERNATIONAL STANDARD BOOK NUMBER |
| International Standard Book Number |
9041196501 (acidfree paper) |
| 040 ## - CATALOGING SOURCE |
| Original cataloging agency |
DLC |
| Transcribing agency |
DLC |
| Modifying agency |
DLC |
| 043 ## - GEOGRAPHIC AREA CODE |
| Geographic area code |
e-uk--- |
| -- |
e------ |
| 082 00 - DEWEY DECIMAL CLASSIFICATION NUMBER |
| Classification number |
328.4 |
| Item number |
CYG |
| 100 1# - MAIN ENTRY--PERSONAL NAME |
| Personal name |
Cygan, Adam Jan. |
| 245 14 - TITLE STATEMENT |
| Title |
The United Kingdom Parliament and European Union legislation / |
| Statement of responsibility, etc. |
Adam Jan Cygan. |
| 260 ## - PUBLICATION, DISTRIBUTION, ETC. (IMPRINT) |
| Place of publication, distribution, etc. |
The Hague ; |
| -- |
Boston : |
| Name of publisher, distributor, etc. |
Kluwer Law International, |
| Date of publication, distribution, etc. |
c1998. |
| 300 ## - PHYSICAL DESCRIPTION |
| Extent |
xii, 253 p. ; |
| Dimensions |
25 cm. |
| 490 1# - SERIES STATEMENT |
| Series statement |
Studies in law ; |
| Volume/sequential designation |
v. 2 |
| 500 ## - GENERAL NOTE |
| General note |
At head of title: Centre of European Law, King's College London. |
| 504 ## - BIBLIOGRAPHY, ETC. NOTE |
| Bibliography, etc |
Includes bibliographical references (p. [241]-245) and index. |
| 610 10 - SUBJECT ADDED ENTRY--CORPORATE NAME |
| Corporate name or jurisdiction name as entry element |
Great Britain. |
| Subordinate unit |
Parliament. |
| 610 20 - SUBJECT ADDED ENTRY--CORPORATE NAME |
| Corporate name or jurisdiction name as entry element |
European Union |
| Geographic subdivision |
Great Britain. |
| 650 #0 - SUBJECT ADDED ENTRY--TOPICAL TERM |
| Topical term or geographic name as entry element |
Legislation |
| Geographic subdivision |
Great Britain. |
| 650 #0 - SUBJECT ADDED ENTRY--TOPICAL TERM |
| Topical term or geographic name as entry element |
Legislation |
| Geographic subdivision |
European Union countries. |
| 710 2# - ADDED ENTRY--CORPORATE NAME |
| Corporate name or jurisdiction name as entry element |
King's College London. |
| Subordinate unit |
Centre of European Law. |
| 830 #0 - SERIES ADDED ENTRY--UNIFORM TITLE |
| Uniform title |
Studies in law (Kluwer Law International (Firm)) ; |
| Volume number/sequential designation |
2. |
| 906 ## - LOCAL DATA ELEMENT F, LDF (RLIN) |
| a |
7 |
| b |
cbc |
| c |
orignew |
| d |
2 |
| e |
ncip |
| f |
19 |
| g |
y-gencatlg |
| 942 ## - ADDED ENTRY ELEMENTS (KOHA) |
| Source of classification or shelving scheme |
Dewey Decimal Classification |
| Koha item type |
Books |